Statistics for Geography by Letter on the World Map - H

Click here to take the quiz!

General Stats

  • This quiz has been taken 8,185 times
    (2,027 since last reset)
  • The average score is 14 of 20

Answers on the Map

Answers color-coded by a green-red scale on the quiz's map according to % correct below.
Loading ...
 

Answer Stats

Answer% Correct
Hungary
96%
Honduras
94%
Helsinki
93%
Himalayas
93%
Hawaii
91%
Houston
90%
Horn of Africa
85%
Hispaniola
83%
Honshu
80%
Huron Lake
76%
Hudson Bay
74%
Hokkaido
73%
Harare
64%
Hobart
62%
Hebrides
53%
Herzegovina
50%
Hainan
48%
Honiara
45%
Hindu Kush
25%
Hindustan
19%

Score Distribution

Percentile by Number Answered

Percent of People with Each Score

Your Score History

You have not taken this quiz since the last reset